000 00937nac a22002537a 4500
001 BR8903598
003 BR-BrBNA
005 20240105121001.0
008 230509b bl.|||m| |||| 00| 0 por d
040 _aBR-BrBNA
_bpor
_cBiblioteca Nacional de Agricultura
072 _aF01
090 _a1623 BR8903598
110 1 _aEmpresa de Pesquisa Agropecuaria do Estado do Rio de Janeiro, Niteroi (Brasil);
110 1 _aEmpresa de Assistencia Tecnica e Extensao Rural do Estado do Rio de Janeiro, Niteroi (Brasil)
_93979
245 1 _aRecomendacoes para a cultura da couve-flor
260 3 _aNiteroi, RJ (Brasil):
_c1989.
300 _a16 P.
490 _aInforme Tecnico - Empresa de Pesquisa Agropecuaria do Estado do Rio de Janeiro (Brazil)
_vno. 15
_xISSN 0101-3769
650 _aCOUVE-FLOR
650 _aPRATICA CULTURAL
650 _aRIO DE JANEIRO
909 _a202312
_bLúcia Elande
_c55
_dLúcia Elande
942 _2AGRIS
_n0
_cMS
999 _c282597
_d282597